000
00260nam a2200097Ia 4500
082
_a
J|613.71|ROYS
245
0
_a
Why do I run?
100
_a
Royston, Angela, , 1945- London, 2009
_9
65372
942
_c
BK
008
210817s9999 xx 000 0 und d
999
_c
208776
_d
208775